Paltrow or Hell, No! Quiz Stats

 Plays Quiz not verified by Sporcle

Score 0/10 Timer 02:00
1 Play Today
% Correct
Jade Vaginal Egg
63.6%
A Single $185 Bobby Pin
60.6%
24K Gold Playing Cards with Leather Card Case
52.5%
Crave Vibrator Necklace
50.5%
Fur Pubic Hair Oil
47.8%
English Buffalo Horn Salad Servers
46.9%
Camel Milk Home Delivery Service
44.8%
Implant O-Rama At-Home Coffee Enema
43.8%
Darwin Tank Jellyfish Aquarium
40.1%
Apothecary Psychic Vampire Repellant
30.8%

You're not logged in!

Compare scores with friends on all Sporcle quizzes.
OR
Log In

Show Comments

Extras

Top Quizzes Today


Score Distribution

Your Account Isn't Verified!

In order to create a playlist on Sporcle, you need to verify the email address you used during registration. Go to your Sporcle Settings to finish the process.

Report this User

Report this user for behavior that violates our Community Guidelines.

Details: